| 000 | 00617nam a2200181 i 4500 | ||
|---|---|---|---|
| 001 | 34013 | ||
| 003 | ES-MaACL | ||
| 005 | 20230906154848.0 | ||
| 007 | t| | ||
| 008 | 160322q18001899fr ||||1| fre d | ||
| 245 | 0 | 1 | _a[Historia de los caballeros hospitalarios de San Juan de Jerusalen]. |
| 260 |
_a[S.l. : _bs.n., _c18-?] |
||
| 300 |
_a56 p. ; _c21 cm. |
||
| 500 | _aFolleto en francés, sin portada, ni dato alguno. | ||
| 594 | _aTítulo deducido del contenido del texto. | ||
| 610 | 2 | 4 |
_aOrden de Malta- _xHistoria. _9134736 |
| 852 |
_aES-MaACL _jT-209-F-15 _z.- Enc. en un vol. facticio falto de la cub. original |
||
| 999 |
_c34013 _d34013 |
||